000 00729cam a2200265 i 4500
001 768714001
003 CO-MdFUSB
005 20240622112936.0
007 ta
008 240622b2007 -us||||| |||| 00| 0 eng d
040 _cCO-MdFUSB
041 0 _aeng
082 0 4 _224
_a234.4
_bS55915u
100 1 _aShoemaker, Samuel M. (Moor) (1893-)
_eautor
245 1 0 _aIf I be lifted up thoughts about the cross
_c/ Samuel M. Shoemaker
264 1 _aNew York, NY., USA :
_bFleming H. Revell,
_c[2007]
264 4 _c©2007
300 _a179 Pag
336 _atexto
_btxt
_2rdacontent
337 _2rdamedia
_asin mediación
_bn
338 _2rdacarrier
_avolumen
_bnc
653 _aObra de Cristo
942 _cBK
945 _aMiguel
999 _c34831
_d34831